Normal view
MARC view
Entry Topical Term
001 - CONTROL NUMBER
- control field: 3614
003 - CONTROL NUMBER IDENTIFIER
- control field: OSt
005 - DATE AND TIME OF LATEST TRANSACTION
- control field: 20210914155818.0
008 - FIXED-LENGTH DATA ELEMENTS
- fixed length control field: 210914|| aca||aabn | a|a d
040 ## - CATALOGING SOURCE
- Original cataloging agency: OSt
- Transcribing agency: OSt
150 ## - HEADING--TOPICAL TERM
- Topical term or geographic name entry element: Signal theory (Telecommunication)
670 ## - SOURCE DATA FOUND
- Source citation: Work cat.: (OSt)3867: Dupraz, Jacques. 3613, Probability, signals, noise /, 1986.